Collateral damage (Record no. 82554)

MARC details
000 -LEADER
fixed length control field 00739cam a22001935a 4500
001 - CONTROL NUMBER
control field L150547
008 - FIXED-LENGTH DATA ELEMENTS--GENERAL INFORMATION
fixed length control field 100726e2010 xxk 000 0 eng d
035 ## - SYSTEM CONTROL NUMBER
System control number (Sirsi) u150547
041 0# - LANGUAGE CODE
Language code of text/sound track or separate title eng
100 1# - MAIN ENTRY--PERSONAL NAME
Personal name Blackler, Tony
245 00 - TITLE STATEMENT
Title Collateral damage
Remainder of title leaseholders or buyers of buildings should be able to pre-empt arguments from contractors to escape liability under collateral warranties.
260 ## - PUBLICATION, DISTRIBUTION, ETC.
Place of publication, distribution, etc. 2010
490 ## - SERIES STATEMENT
Series statement Building
Volume/sequential designation 275 (8639) 23 July 2010, 50(1)
520 ## - SUMMARY, ETC.
Summary, etc. Stresses the importance of collateral warranties; lessons to be learned from cases mentioned.
590 ## - LOCAL NOTE (RLIN)
Local note KA
651 #4 - SUBJECT ADDED ENTRY--GEOGRAPHIC NAME
Geographic name United Kingdom
Chronological subdivision
690 ## - LOCAL SUBJECT ADDED ENTRY--TOPICAL TERM (OCLC, RLIN)
Topical term or geographic name as entry element PROPERTY-COMMERCIAL PROPERTY- COMMERCIAL LANDLORD AND TENANT- COMMERCIAL LEASES
942 ## - ADDED ENTRY ELEMENTS (KOHA)
Suppress in OPAC 0
Holdings
Withdrawn status Lost status Source of classification or shelving scheme Damaged status Not for loan Home library Current library Shelving location Date acquired Total Checkouts Full call number Barcode Date last seen Copy number Price effective from Koha item type
    Dewey Decimal Classification     London London Books 26/07/2010   L150547 150547-1001 06/08/2019 1 06/08/2019 Book